| 000 | 00573nam a2200193 a 4500 | ||
|---|---|---|---|
| 005 | 20210223130434.0 | ||
| 008 | 080507s2007 mx r 000 0 spa d | ||
| 020 | _a9789703706426 | ||
| 035 | _aUPN01000155782 | ||
| 049 | _aI | ||
| 050 | 4 |
_aPZ10.3 _bY3.3 |
|
| 100 | 1 |
_aYang, Stella _942772 |
|
| 245 | 1 | 3 |
_aEl agujero / _cStella Yang ; tr. María del Pilar Carril. |
| 260 |
_aMéxico : _bDestino, _cc2007. |
||
| 300 |
_a16 p. : _bprincipalmente il. col. |
||
| 534 |
_pTítulo original: _tThe hole |
||
| 650 | 4 |
_aCUENTOS INFANTILES AUSTRALIANOS _912928 |
|
| 905 | _aInfantil | ||
| 999 |
_c127896 _d127896 |
||